000 01829nam0a2200349 4500
001 RU\NLR\bibl\54684
005 20260407140351.0
021 _aRU
_b99-36497
_91799
035 _a(NLR Aleph) 000053355
090 _a287052
_c287052
100 _a19991025d1999 |||y0rusy50 ca
101 0 _arus
102 _aRU
105 _aa |||||||||
200 1 _aЖелезные и автомобильные дороги в условиях Сибири и Дальнего Востока
_eСб. науч. тр.
_fМ-во путей сообщ. РФ, Сиб. гос. ун-т путей сообщ.
_gПод ред [к.т.н., проф.] В.С. Матвиенко
210 _aНовосибирск
_cИзд-во НИИЖТа
_d1999
215 _a185 с.
_cил., портр.
_d21
320 _aБиблиогр. в конце ст.
606 0 _aАвтомобильные дороги
_jСборники
_yРоссийская Федерация
_yДальний Восток
_92122388
_3RU\NLR\auth\661281455
606 0 _aАвтомобильные дороги
_jСборники
_yСибирь
_9893141
_3RU\NLR\auth\663118
606 0 _aЖелезные дороги
_jСборники
_yРоссийская Федерация
_yДальний Восток
_91171149
_3RU\NLR\auth\66152279
606 0 _aЖелезные дороги
_jСборники
_yСибирь
_91174890
_3RU\NLR\auth\66471967
686 _aО209(2)я43
686 _aО311.9я43
702 1 _aМатвиенко
_bВ. С.
_4340
712 0 2 _4570
_aСибирский государственный университет путей сообщения
_cНовосибирск
_3RU\NLR\AUTH\8810006495
_9510506
801 0 _aRU
_bNLR
_c19991025
_gPSBO
801 1 _aRU
_bNLR
_c19991025
852 _aNLR
_j99-3/13062
942 _cBOOK
980 _aNB